Shams al-ʻulūm wa-dawāʼ kalām al-ʻArab min al-kulūm.
Main Author:
Other Authors:
Format: Book
Language: Arabic
Published:
[Misr :
s.n.,
1948?].
Subjects:
Tags: Add Tag
Call Number: PJ6620 .N32 1948 v.1-2
| LEADER | 01031cam a2200253u 4500 | ||
|---|---|---|---|
| 001 | 7194375 | ||
| 003 | OSt | ||
| 005 | 20231003082017.0 | ||
| 008 | 860127s1948 ua d 000 0 ara | ||
| 952 | |0 0 |1 0 |2 lcc |3 V.1 |4 0 |6 PJ6620 N32 01948 V.00001-00002 |7 1 |9 50305 |a ARCE |b ARCE |d 2023-10-03 |l 0 |o PJ6620 .N32 1948 v.1-2 |p 1029621 |r 2023-10-03 00:00:00 |w 2023-10-03 |y BK | ||
| 952 | |0 0 |1 0 |2 lcc |3 V.2 |4 0 |6 PJ6620 N32 01948 V.00001-00002 |7 1 |9 63304 |a ARCE |b ARCE |d 2024-02-28 |l 0 |o PJ6620 .N32 1948 v.1-2 |p 1029622 |r 2024-02-28 00:00:00 |w 2024-02-28 |y BK | ||
| 999 | |c 54788 |d 54788 | ||
| 010 | |a 80969914 | ||
| 040 | |c ARCE Library | ||
| 050 | 4 | |a PJ6620 .N32 1948 v.1-2 | |
| 100 | 0 | |a Nashwān ibn Saʻīd al-Ḥimyarī, |d -1178? | |
| 245 | 1 | 0 | |a Shams al-ʻulūm wa-dawāʼ kalām al-ʻArab min al-kulūm. |
| 260 | |a [Misr : |b s.n., |c 1948?]. | ||
| 300 | |a 2 v. ; |c 28 cm. | ||
| 500 | |a Romanized. | ||
| 650 | 0 | |a Arabic language |v Dictionaries. | |
| 700 | 2 | |a Jarāfī, ʻAbd Allāh ibn ʻAbd al-Karīm. [from old catalog] | |
| 901 | |a reviewed | ||
| 942 | |2 lcc |c BK | ||
